| 000 | 004440000a22001690004500 | ||
|---|---|---|---|
| 020 | _a0-87793-370-7 | ||
| 041 | 0 | _aENG | |
| 082 | 0 | 4 | _aG 242.4 R946p |
| 100 | 1 | _aRupp, Joyce | |
| 245 | 1 | 0 | _aPraying our goodbyes / Joyce Rupp |
| 250 | _a3 | ||
| 260 | _aNotre dame, IN., USA : Ave MarĂa | ||
| 300 | _a183 Pag | ||
| 650 | 1 | 4 | _aDESPEDIDA - ASPECTOS RELIGIOSOS - CRISTIANISMO \ PERDIDA (PSICOLOGIA) \ DEVOCIONARIOS |
| 001 | 5009 | ||
| 942 | _cBK | ||
| 999 |
_c35513 _d35513 |
||